Exploring microsoft office XP Vol.1 (Record no. 197945)

MARC details
000 -LEADER
fixed length control field 00494nam a2200193Ia 4500
003 - CONTROL NUMBER IDENTIFIER
control field OSt
005 - DATE AND TIME OF LATEST TRANSACTION
control field 20250120145131.0
008 - FIXED-LENGTH DATA ELEMENTS--GENERAL INFORMATION
fixed length control field 231217s9999 xx 000 0 und d
020 ## - INTERNATIONAL STANDARD BOOK NUMBER
International Standard Book Number 9780131218413
040 ## - CATALOGING SOURCE
Transcribing agency 0
041 ## - LANGUAGE CODE
Language code of text/sound track or separate title English
082 ## - DEWEY DECIMAL CLASSIFICATION NUMBER
Classification number 005.5 GRA;1 R
100 ## - MAIN ENTRY--PERSONAL NAME
Personal name Grauer, Robert T. Barber, Maryann.
245 #0 - TITLE STATEMENT
Title Exploring microsoft office XP Vol.1
260 ## - PUBLICATION, DISTRIBUTION, ETC.
Date of publication, distribution, etc. 2003
Name of publisher, distributor, etc. PHI
Place of publication, distribution, etc. New Jersey
300 ## - PHYSICAL DESCRIPTION
Extent xvi, 200+19
650 ## - SUBJECT ADDED ENTRY--TOPICAL TERM
Topical term or geographic name entry element microsoft,office,XP,Vol.1
942 ## - ADDED ENTRY ELEMENTS (KOHA)
Koha item type Books
Source of classification or shelving scheme Dewey Decimal Classification
Holdings
Date last seen Total checkouts Full call number Accession number Price effective from Category Lost status Damaged status Department Withdrawn status Home library Current library Shelving location Entry date Grants Currency symbol Conversion rate Discount Old discount
26/01/2024   005.5 GRA;1 R 91412 26/01/2024 Books     EC   Central Library Central Library   11/07/2017 DONATED RS 1    

© For any Suggestions or Query, please contact the library staff @ librarian@pes.edu or Phone: +9180 2672 1983/ 2108.